Locktales/ (Record no. 208646)

MARC details
000 -LEADER
fixed length control field 00635nam a2200193 4500
005 - DATE AND TIME OF LATEST TRANSACTION
control field 20250121121302.0
010 ## - LCCN (DPL NO)
LC control number ENG-143470
020 ## - INTERNATIONAL STANDARD BOOK NUMBER
Terms of availability 285.00
International Standard Book Number 9788195267002
035 ## - SYSTEM CONTROL NUMBER
System control number EN-127002
037 ## - SOURCE OF ACQUISITION
Source of stock number/acquisition DBAD
082 ## - DEWEY DECIMAL CLASSIFICATION NUMBER
Classification number 881
100 ## - MAIN ENTRY--PERSONAL NAME
Personal name S, Bhavani
245 ## - TITLE STATEMENT
Title Locktales/
Statement of responsibility, etc by Bhavani S [and] Meenakshi Shivram
260 ## - PUBLICATION, DISTRIBUTION, ETC. (IMPRINT)
Place of publication, distribution, etc Bengaluru
Name of publisher, distributor, etc Darpan, An Imprit of Prism Books
Date of publication, distribution, etc 2021
270 ## - ADDRESS
Address 1865, 32nd, Cross, 10th Main, BSK II Stage, Bengaluru
Postal code 560070
Electronic mail address info@prismbooks.com
Telephone number 080-26714108
300 ## - PHYSICAL DESCRIPTION
Extent 151p.
Dimensions 21cm(pb)
700 ## - ADDED ENTRY--PERSONAL NAME
Personal name Shivram, Meenakshi
Relator term Editor
9 (RLIN) 76813
942 ## - ADDED ENTRY ELEMENTS (KOHA)
Source of classification or shelving scheme Dewey Decimal Classification
Item type English Books
Classification part 881
Call number suffix LOC
Holdings
Withdrawn status Lost status Not for loan Collection code Home library Current library Date acquired Source of acquisition Cost, normal purchase price Full call number Barcode Copy number Cost, replacement price Koha item type
      Non-fiction Ashok Vihar Ashok Vihar 21/01/2025 Delivery of Books Act Division 285.00 881 LOC EN-127002 1 285.00 English Books

© Delhi Public Library
Hit Counter
free hit counter